| 000 | 01463cam a22002651 4500 | ||
|---|---|---|---|
| 001 | 6327153 | ||
| 005 | 20140520110357.0 | ||
| 008 | 760408s1873 xx 000 0 eng | ||
| 020 | _a1402157061 | ||
| 020 | _a1402157053 | ||
| 100 | 1 |
_aTristram, H. B. _q(Henry Baker), _d1822-1906. |
|
| 245 | 1 | 4 |
_aThe land of Moab : _btravels and discoveries on the east side of the Dead sea and the Jordan. _cBy H. B. Tristram ... With a chapter on the Persian palace of Mashita by Jas. Fergusson, F. R. S. With map: and illustrations by C. L. Buxton and R. C. Johnson. |
| 260 |
_aMassachusetts : _bAdamant Media Corporation, _c2005. |
||
| 300 |
_axvi, 408 p.: _bfront., illus., fold. map, plan ; _c20 cm. |
||
| 440 | _aElibron classics | ||
| 500 | _aThis Elibron Classics Replica Edition is an unabridged facsimile of the edition published in 1874 by John Murray, London. | ||
| 500 | _aThe original edition of this book contained oversized maps, PDF files of these maps and can be downloaded from www.elibron.com/maps | ||
| 505 | 2 | _aAppendix A: Aurora et Sebbeh. By R. C. Johnson.--Appendix B: Account of a curious physical phenomenon witnessed at Ziza. By R. C. Johnson.--Appendix C: On the flora of Moab. By ... W. Amherst Hayne. | |
| 651 | 0 |
_aSyria _xDescription and travel. |
|
| 651 | 0 |
_aSyria _xAntiquities. |
|
| 700 | 1 |
_aFergusson, James, _d1808-1886. |
|
| 700 | 1 | _aJohnson, R. C. | |
| 700 | 1 |
_aHayne, W. Amherst _q(William Amherst), _d-1873. |
|
| 942 |
_2lcc _cBK |
||
| 999 |
_c37112 _d37112 |
||